All Governors of New Mexico - Statistics

General Stats
  • This quiz has been taken 4 times
  • The average score is 11 of 32
Answer Stats
Years Served Party Governor % Correct
2003 - 2011 Democrat Bill Richardson
100%
1971 - 1975 Democrat Bruce King
100%
1979 - 1983 Democrat Bruce King
100%
1991 - 1995 Democrat Bruce King
100%
2011 - 2019 Republican Susana Martinez
100%
1933 - 1935 Democrat Andrew W. Hockenhull
50%
1931 - 1933 Democrat Arthur Seligman
50%
1935 - 1939 Democrat Clyde Tingley
50%
1995 - 2003 Republican Gary Johnson
50%
1963 - 1967 Democrat Jack M. Campbell
50%
1923 - 1925 Democrat James F. Hinkle
50%
1959 - 1961 Democrat John Burroughs
50%
1955 - 1957 Demorcat John F. Simms
50%
1943 - 1947 Democrat John J. Dempsey
50%
2019 - Present Democrat Michelle Lujan Grisham
50%
1927 - 1931 Republican Richard C. Dillon
50%
1947 - 1951 Democrat Thomas J. Mabry
50%
1925 - 1927 Democrat Arthur T. Hannett
0%
1967 - 1971 Republican David Cargo
0%
1951 - 1955 Republican Edwin L. Mechem
0%
1957 - 1959 Republican Edwin L. Mechem
0%
1961 - 1962 Republican Edwin L. Mechem
0%
1917 Democrat Ezequiel Cabeza De Baca
0%
1987 - 1991 Republican Garrey Carruthers
0%
1975 - 1979 Democrat Jerry Apodaca
0%
1939 - 1943 Democrat John E. Miles
0%
1921 - 1923 Republican Merritt C. Mechem
0%
1962 - 1963 Republican Tom Bolack
0%
1983 - 1987 Democrat Toney Anaya
0%
1917 - 1919 Republican Washington Ellsworth Lindsey
0%
1919 - 1921 Republican Washington Ellsworth Lindsey
0%
1912 - 1917 Democrat William C. McDonald
0%
No matching quizzes found
Score Distribution
Percent of People with Each Score
Percentile by Number Answered
Your Score History
You have not taken this quiz